| 000 | 00773cab a2200229 4500 | ||
|---|---|---|---|
| 001 | WB3443-03 | ||
| 008 | 090401t1998 xxu||||| |||| 00| 0 eng d | ||
| 035 | _a(Sirsi) u89647 | ||
| 041 | _aeng | ||
| 245 | _aReprieve for trees over home damage | ||
| 260 | _c1998 | ||
| 350 | _a0 | ||
| 490 |
_aEvening Standard _v12 November 1998, 18(1) |
||
| 520 | _aStructural engineers have admitted that they may have felled trees unnecessarily due to concerns about subsidence. Experts are now recommending trees are saved, as there are other potential reasons for subsidence. | ||
| 650 | _aKEW GARDENS | ||
| 650 | _aSTRUCTURAL ENGINEERS | ||
| 650 | _aSUBSIDENCE | ||
| 650 | _aTREES | ||
| 690 | _aBUILT ENVIRONMENT-BUILDING INSPECTION | ||
| 942 | _n0 | ||
| 948 | _c12/11/1998 | ||
| 999 |
_c56750 _d56750 |
||